[Event "GER-chT U16 Girls"]
[Site "Neumuenster"]
[Date "2022.12.29"]
[Round "6"]
[White "Kanno, Clara Yumi"]
[Black "Margaryan, Sofia"]
[Result "1-0"]
[WhiteElo "1255"]
[BlackElo "1281"]
[PlyCount "63"]
[EventDate "2022.12.26"]
[EventType "team-swiss"]
[EventRounds "7"]
[EventCountry "GER"]
[SourceTitle "CBM 212 Extra"]
[Source "ChessBase"]
[SourceDate "2023.03.31"]
[SourceVersion "1"]
[SourceVersionDate "2023.03.31"]
[SourceQuality "1"]
[WhiteTeam "Essen Werden"]
[BlackTeam "Elmshorn"]
[WhiteTeamCountry "GER"]
[BlackTeamCountry "GER"]

1. d4 d5 2. Bf4 Bf5 3. Nf3 e6 4. e3 Bd6 5. Bxd6 Qxd6 6. Nbd2 Nf6 7. Be2 h6 8. 0-0 0-0 9. Ne5 Nbd7 10. f4 c5 11. c3 c4 12. Bf3 Qc7 13. Qe1 Ne4 14. Nxe4 Bxe4 15. Bxe4 dxe4 16. Qg3 f5 17. Rad1 Rad8 18. Rf2 Nf6 19. Qg6 Rde8 20. Rfd2 Nd5 21. Kf2 Rf6 22. Qxe8+ Kh7 23. Qa4 Nb6 24. Qxa7 Rf8 25. Qa3 Qd8 26. g3 Re8 27. Qc5 Nd7 28. Nxd7 Qxd7 29. Qxc4 Qe7 30. d5 exd5 31. Qxd5 Rf8 32. Qd7 1-0

[Event "GER-ch Youth-B"]
[Site "Willingen"]
[Date "2022.06.07"]
[Round "4"]
[White "Visvikis, Kassandra"]
[Black "Kanno, Clara Yumi"]
[Result "1-0"]
[WhiteElo "1626"]
[BlackElo "1182"]
[PlyCount "85"]
[EventDate "2022.06.04"]
[EventType "swiss"]
[EventRounds "9"]
[EventCountry "GER"]
[SourceTitle "CBM 208 Extra"]
[Source "ChessBase"]
[SourceDate "2022.07.31"]
[SourceVersion "1"]
[SourceVersionDate "2022.07.31"]
[SourceQuality "1"]

1. e4 c5 2. Nf3 d6 3. d4 cxd4 4. Nxd4 Nf6 5. Nc3 a6 6. Bg5 e6 7. Qd2 b5 8. f4 Nbd7 9. 0-0-0 Qc7 10. Be2 b4 11. Na4 Nxe4 12. Qe3 d5 13. f5 e5 14. Nf3 Qc6 15. b3 f6 16. Bh4 Ndc5 17. Nd2 Bxf5 18. Bh5+ Bg6 19. Nxe4 Nxe4 20. Bf3 d4 21. Qe2 Rc8 22. Rhe1 f5 23. g4 fxg4 24. Bxe4 Bxe4 25. Qxe4 Bd6 26. Qxc6+ Rxc6 27. Rxd4 h5 28. Bg3 Rf8 29. Bxe5 Bxe5 30. Rxe5+ Kf7 31. Rxh5 Kg6 32. Rhd5 Kh7 33. Rxg4 Rf2 34. Rd2 Rf1+ 35. Kb2 g6 36. Rxb4 Kh6 37. Rb6 Rc7 38. Rg2 Rg7 39. Rxa6 Kh5 40. Nc3 Re7 41. Rgxg6 Ree1 42. Rh6+ Kg5 43. Rag6+ 1-0

[Event "Heusenstamm Sparkassen op-B 7th"]
[Site "Heusenstamm"]
[Date "2021.11.20"]
[Round "5.46"]
[White "Kanno, Clara Yumi"]
[Black "Merz, Leander1111"]
[Result "0-1"]
[WhiteElo "1178"]
[BlackElo "1268"]
[PlyCount "72"]
[EventDate "2021.11.18"]
[EventType "swiss"]
[EventRounds "7"]
[EventCountry "GER"]
[SourceTitle "EXT 2023"]
[Source "ChessBase"]
[SourceDate "2022.10.05"]
[SourceVersion "1"]
[SourceVersionDate "2022.10.05"]
[SourceQuality "1"]

1. e4 c5 2. Nf3 d6 3. d4 cxd4 4. Nxd4 Nf6 5. Nc3 g6 6. Bg5 Bg7 7. Bc4 Qb6 8. Nb3 Nc6 9. 0-0 0-0 10. Qd2 a5 11. Rab1 a4 12. Nc1 Qb4 13. Bd3 Ng4 14. a3 Qc5 15. N1e2 e6 16. h3 h6 17. Bf4 e5 18. hxg4 exf4 19. Qxf4 Ne5 20. Bb5 Bxg4 21. Bxa4 Bxe2 22. Nxe2 Rxa4 23. Nc3 Raa8 24. Rfd1 Nc4 25. Rd5 Qc6 26. Nd1 Rfe8 27. Qf3 Re5 28. Ne3 Nxe3 29. Rxe5 Bxe5 30. Qxe3 Qxc2 31. Rc1 Qxb2 32. Qxh6 Qxa3 33. Rc7 Qa1+ 34. Rc1 Qxc1+ 35. Qxc1 Ra1 36. Qxa1 Bxa1 0-1

[Event "Heusenstamm Sparkassen op-B 7th"]
[Site "Heusenstamm"]
[Date "2021.11.20"]
[Round "4.33"]
[White "Koeberl, Christiane"]
[Black "Kanno, Clara Yumi"]
[Result "1-0"]
[WhiteElo "1680"]
[BlackElo "1178"]
[PlyCount "83"]
[EventDate "2021.11.18"]
[EventType "swiss"]
[EventRounds "7"]
[EventCountry "GER"]
[SourceTitle "EXT 2023"]
[Source "ChessBase"]
[SourceDate "2022.10.05"]
[SourceVersion "1"]
[SourceVersionDate "2022.10.05"]
[SourceQuality "1"]

1. d4 d5 2. c4 Nf6 3. Nc3 Bf5 4. f3 e6 5. e3 Nbd7 6. Nge2 Be7 7. Ng3 Bg6 8. cxd5 exd5 9. Be2 0-0 10. 0-0 Bd6 11. Qe1 c6 12. e4 dxe4 13. Ngxe4 Nxe4 14. fxe4 Nb6 15. Be3 Re8 16. e5 Bc7 17. h4 Nd5 18. Bg5 Qd7 19. a4 Ba5 20. Rc1 h6 21. Bd2 Bb6 22. Qf2 Nc7 23. Be3 Rad8 24. Rcd1 Nd5 25. Nxd5 Qxd5 26. Qg3 h5 27. Kh1 Qb3 28. Qg5 Qxb2 29. Bxh5 Bxh5 30. Qxh5 Qb3 31. Bg1 Rd7 32. Qf5 Red8 33. Rd3 Qxa4 34. e6 fxe6 35. Qxe6+ Kh8 36. Rf5 Rd5 37. Rdf3 Qc2 38. Qg6 Rxf5 39. Rxf5 Qd1 40. Rh5+ Kg8 41. Qe6+ Kf8 42. Rh8# 1-0

[Event "GER-chT U14 Girls"]
[Site "Willingen"]
[Date "2021.06.26"]
[Round "5.9"]
[White "Kanno, Clara Yumi"]
[Black "Rotaermel, Leonie"]
[Result "1/2-1/2"]
[WhiteElo "1093"]
[BlackElo "1417"]
[PlyCount "69"]
[EventDate "2021.06.23"]
[EventType "team-swiss"]
[EventRounds "7"]
[EventCountry "GER"]
[SourceTitle "EXT 2022"]
[Source "ChessBase"]
[SourceDate "2021.10.06"]
[SourceVersion "1"]
[SourceVersionDate "2021.10.06"]
[SourceQuality "1"]
[WhiteTeam "Essen Werden"]
[BlackTeam "Oberursel"]
[WhiteTeamCountry "GER"]
[BlackTeamCountry "GER"]

1. e4 e6 2. d4 d5 3. e5 c5 4. c3 Nc6 5. Nf3 Qb6 6. a3 c4 7. Be2 Bd7 8. 0-0 Nge7 9. Re1 h6 10. Nbd2 Na5 11. Rb1 Nb3 12. Nxb3 Ba4 13. Qd2 Bxb3 14. Bd1 Nf5 15. Bxb3 Qxb3 16. Qd1 Qxd1 17. Rxd1 b5 18. b3 Be7 19. bxc4 bxc4 20. Rb7 0-0 21. g4 Nh4 22. Ne1 Bd8 23. Bd2 Bb6 24. Rb1 Rab8 25. Rd7 Rfd8 26. Rxd8+ Rxd8 27. a4 Rb8 28. Bc1 Bc7 29. Rxb8+ Bxb8 30. Ba3 Bc7 31. Bb4 a5 32. Bc5 Ng6 33. Nc2 Nf4 34. Kf1 Nd3 35. Ba3 1/2-1/2

[Event "GER-chT U14 Girls"]
[Site "Willingen"]
[Date "2021.06.25"]
[Round "4.9"]
[White "Kanno, Clara Yumi"]
[Black "Hencke, Luna"]
[Result "1-0"]
[WhiteElo "1093"]
[BlackElo "1168"]
[PlyCount "45"]
[EventDate "2021.06.23"]
[EventType "team-swiss"]
[EventRounds "7"]
[EventCountry "GER"]
[SourceTitle "EXT 2022"]
[Source "ChessBase"]
[SourceDate "2021.10.06"]
[SourceVersion "1"]
[SourceVersionDate "2021.10.06"]
[SourceQuality "1"]
[WhiteTeam "Essen Werden"]
[BlackTeam "Paderborn"]
[WhiteTeamCountry "GER"]
[BlackTeamCountry "GER"]

1. e4 d6 2. d4 Nf6 3. Nc3 Nbd7 4. Nf3 e5 5. Bc4 Be7 6. 0-0 0-0 7. d5 c6 8. dxc6 bxc6 9. Be3 Qc7 10. h3 Qb7 11. b3 Qb4 12. Bd2 Rd8 13. Nd5 Qb7 14. Nxe7+ Kf8 15. Nxc8 Qxc8 16. Bb4 c5 17. Qxd6+ Kg8 18. Ba3 Nxe4 19. Qd5 Ndf6 20. Qxf7+ Kh8 21. Nxe5 Qb8 22. Qg8+ Rxg8 23. Nf7# 1-0

[Event "Heusenstamm Sparkassen op U14 6th"]
[Site "Heusenstamm"]
[Date "2019.11.24"]
[Round "7"]
[White "Eull, Emil"]
[Black "Kanno, Clara Yumi"]
[Result "1-0"]
[WhiteElo "1504"]
[BlackElo "1142"]
[PlyCount "99"]
[EventDate "2019.11.21"]
[EventType "swiss"]
[EventRounds "7"]
[EventCountry "GER"]
[SourceTitle "CBM 194 Extra"]
[Source "ChessBase"]
[SourceDate "2020.03.31"]
[SourceVersion "1"]
[SourceVersionDate "2020.03.31"]
[SourceQuality "1"]

1. e4 c5 2. Nf3 d6 3. d4 cxd4 4. Nxd4 Nf6 5. Nc3 a6 6. f3 e6 7. Bg5 Be7 8. Qd2 0-0 9. 0-0-0 h6 10. Be3 Nc6 11. g4 Qd7 12. h4 Nxd4 13. Bxd4 Nh7 14. Be3 f6 15. Ne2 Qa4 16. Kb1 e5 17. Nc3 Qc6 18. Nd5 Rf7 19. Nxe7+ Rxe7 20. g5 hxg5 21. hxg5 Re6 22. Bh3 Re7 23. gxf6 Nxf6 24. Bg5 Rf7 25. Rdg1 Nh7 26. Bh6 Bxh3 27. Rxh3 Rc8 28. Rhg3 Rcc7 29. Qg2 Qd7 30. Rh1 Kf8 31. Bg5 Kg8 32. Qh2 g6 33. Bh6 Rf6 34. Rhg1 Qe6 35. Bg5 Nxg5 36. Rxg5 Rg7 37. Qg2 Kf7 38. b3 Qc8 39. Qd2 Qc5 40. Rf1 Rh7 41. f4 Rh4 42. f5 gxf5 43. Rgxf5 Rxf5 44. exf5 e4 45. Qg2 Qb5 46. Qg6+ Ke7 47. f6+ Kd7 48. Rg1 e3 49. Qg7+ Kc6 50. f7 1-0

[Event "Heusenstamm Sparkassen op U14 6th"]
[Site "Heusenstamm"]
[Date "2019.11.23"]
[Round "3"]
[White "Vick, Edward"]
[Black "Kanno, Clara Yumi"]
[Result "1-0"]
[WhiteElo "1242"]
[BlackElo "1142"]
[PlyCount "85"]
[EventDate "2019.11.21"]
[EventType "swiss"]
[EventRounds "7"]
[EventCountry "GER"]
[SourceTitle "CBM 194 Extra"]
[Source "ChessBase"]
[SourceDate "2020.03.31"]
[SourceVersion "1"]
[SourceVersionDate "2020.03.31"]
[SourceQuality "1"]

1. e4 c5 2. Nf3 d6 3. d4 cxd4 4. Qxd4 Nc6 5. Qd1 Nf6 6. Nc3 a6 7. Be3 e6 8. Be2 Be7 9. Qd2 0-0 10. 0-0-0 b5 11. h4 b4 12. Na4 Nxe4 13. Qd3 d5 14. Ng5 Nxg5 15. hxg5 g6 16. Bd4 Bxg5+ 17. Kb1 Nxd4 18. Qxd4 a5 19. Rh2 f5 20. Rdh1 Rf7 21. g4 Bf6 22. Qe3 Bh8 23. gxf5 exf5 24. Bb5 Rb8 25. Bc6 Qd6 26. Qc5 Qxc5 27. Nxc5 d4 28. Bd5 Be5 29. Bxf7+ Kxf7 30. Rxh7+ Kf6 31. Rh8 Ke7 32. R8h7+ Kf6 33. Re1 Rb5 34. Nd3 Bd6 35. Ra7 Bb7 36. Re8 Bc7 37. Nc5 Bc6 38. Rc8 Bb6 39. Ra6 Bd5 40. Nd7+ Kg5 41. Rxb6 Rxb6 42. Nxb6 Be4 43. Rc5 1-0

[Event "Bad Soden U14 op"]
[Site "Bad Soden"]
[Date "2019.10.04"]
[Round "2"]
[White "Kanno, Clara Yumi"]
[Black "Burkart, Lloyd Shang"]
[Result "1/2-1/2"]
[WhiteElo "1142"]
[BlackElo "1399"]
[PlyCount "92"]
[EventDate "2019.10.03"]
[EventType "swiss"]
[EventRounds "9"]
[EventCountry "GER"]
[SourceTitle "CBM 192 Extra"]
[Source "Chessbase"]
[SourceDate "2019.11.06"]
[SourceVersion "1"]
[SourceVersionDate "2019.11.06"]
[SourceQuality "1"]

1. e4 c5 2. Nf3 e6 3. d4 cxd4 4. Nxd4 Nf6 5. Nc3 d6 6. Bg5 a6 7. Bc4 b5 8. Bb3 Nbd7 9. 0-0 Bb7 10. Kh1 Be7 11. Qd3 0-0 12. Bxe6 fxe6 13. Nxe6 Qb6 14. Nxf8 Rxf8 15. f4 Nc5 16. Qe3 Qc6 17. Rae1 b4 18. Bxf6 Bxf6 19. Nd5 Nxe4 20. Nxb4 Qc5 21. c3 Bh4 22. Re2 a5 23. Nd3 Qxe3 24. Rxe3 Ba6 25. Rd1 Bxd3 26. Rdxd3 Nf2+ 27. Kg1 Nxd3 28. Rxd3 Be7 29. g3 Rb8 30. b3 Kf7 31. Kf2 Ke6 32. Ke3 Bf6 33. Ke4 Rb5 34. c4 Rc5 35. Rd5 Rxd5 36. cxd5+ Ke7 37. h3 g6 38. g4 h6 39. Ke3 Kd7 40. Ke4 Kc7 41. f5 g5 42. Kd3 Kb6 43. Kc4 Be5 44. a4 Bf6 45. b4 axb4 46. Kxb4 Ka6 1/2-1/2

[Event "Bad Soden U14 op"]
[Site "Bad Soden"]
[Date "2019.10.04"]
[Round "4"]
[White "Kanno, Clara Yumi"]
[Black "Lorenz, Alexander1111"]
[Result "0-1"]
[WhiteElo "1142"]
[BlackElo "1759"]
[PlyCount "108"]
[EventDate "2019.10.03"]
[EventType "swiss"]
[EventRounds "9"]
[EventCountry "GER"]
[SourceTitle "CBM 192 Extra"]
[Source "Chessbase"]
[SourceDate "2019.11.06"]
[SourceVersion "1"]
[SourceVersionDate "2019.11.06"]
[SourceQuality "1"]

1. e4 c5 2. Nf3 d6 3. d4 cxd4 4. Nxd4 Nf6 5. Nc3 g6 6. Bg5 Bg7 7. Bc4 0-0 8. 0-0 Nc6 9. Nxc6 bxc6 10. Qd2 Bb7 11. Bh6 c5 12. Rae1 Qc7 13. Qg5 Bc8 14. f4 Rb8 15. b3 Qa5 16. Re3 Bxh6 17. Qxh6 Ng4 18. Qh3 Nxe3 19. Qxe3 Kg7 20. f5 Bd7 21. a4 Bc8 22. fxg6 hxg6 23. Qg3 Ba6 24. Bxa6 Qxa6 25. Nd5 Qb7 26. Rf4 c4 27. Qc3+ e5 28. Rf3 cxb3 29. cxb3 Rfc8 30. Qe3 Qc6 31. Qxa7 Qc5+ 32. Qxc5 Rxc5 33. b4 Rc4 34. Re3 f5 35. exf5 gxf5 36. Kf2 Kf7 37. a5 Ke6 38. Rd3 Rb5 39. Ne3 Rcxb4 40. Ra3 Rb8 41. a6 Ra8 42. Ra5 Rb6 43. Nd5 Rc6 44. a7 Kf7 45. Kf3 Rc5 46. Rxc5 dxc5 47. Ne3 Ke6 48. h4 Rxa7 49. h5 Ra3 50. Kf2 Ra8 51. Kf3 f4 52. Nc4 Ra4 53. Nb2 Ra3+ 54. Ke4 Re3# 0-1

[Event "Bad Soden U14 op"]
[Site "Bad Soden"]
[Date "2019.10.04"]
[Round "3"]
[White "Schmid, Leon"]
[Black "Kanno, Clara Yumi"]
[Result "1/2-1/2"]
[WhiteElo "1546"]
[BlackElo "1142"]
[PlyCount "85"]
[EventDate "2019.10.03"]
[EventType "swiss"]
[EventRounds "9"]
[EventCountry "GER"]
[SourceTitle "CBM 192 Extra"]
[Source "Chessbase"]
[SourceDate "2019.11.06"]
[SourceVersion "1"]
[SourceVersionDate "2019.11.06"]
[SourceQuality "1"]

1. d4 d5 2. Bf4 Bf5 3. e3 e6 4. Bd3 Bxd3 5. Qxd3 c5 6. Bxb8 Rxb8 7. Qb5+ Qd7 8. Qxd7+ Kxd7 9. dxc5 Bxc5 10. c3 Nf6 11. Nf3 Ke7 12. 0-0 Rhd8 13. Nbd2 Kf8 14. Rac1 Rbc8 15. Rc2 a6 16. Rfc1 Ba7 17. h3 Rd7 18. Nd4 Rdc7 19. N2f3 b5 20. Ne5 Bxd4 21. exd4 b4 22. f3 Ne8 23. Nd3 a5 24. Nc5 bxc3 25. bxc3 Nd6 26. Rb1 Nc4 27. Rb3 Ke7 28. Kf2 Ra8 29. Ke2 f6 30. Rc1 a4 31. Rb4 g5 32. Ra1 a3 33. Rab1 Nd6 34. Nb7 h5 35. Nxd6 Kxd6 36. Rb6+ Kd7 37. Kd3 Rc6 38. Rb7+ Rc7 39. g4 h4 40. Kc2 Kc6 41. R1b6+ Kd7 42. Kc1 Rxb7 43. Rxb7+ 1/2-1/2

[Event "Bad Soden sim1"]
[Site "Bad Soden"]
[Date "2019.10.03"]
[Round "1.38"]
[White "Anand, Viswanathan"]
[Black "Kanno, Clara Yumi"]
[Result "1-0"]
[WhiteElo "2765"]
[BlackElo "1291"]
[PlyCount "49"]
[EventDate "2019.10.03"]
[EventType "simul"]
[EventRounds "1"]
[EventCountry "GER"]
[SourceTitle "EXT 2021"]
[Source "ChessBase"]
[SourceDate "2020.10.23"]
[SourceVersion "1"]
[SourceVersionDate "2020.10.23"]
[SourceQuality "1"]

1. d4 d5 2. Bf4 Bf5 3. e3 e6 4. Nf3 Nf6 5. c4 c5 6. Nc3 Nc6 7. Rc1 a6 8. cxd5 exd5 9. Ne5 cxd4 10. Nxc6 bxc6 11. Qxd4 Bd6 12. Bxd6 Qxd6 13. Na4 0-0 14. Be2 Nd7 15. 0-0 a5 16. Nc5 Nxc5 17. Rxc5 Rfe8 18. Rfc1 Bd7 19. Bf3 Qe5 20. Qd2 Ra7 21. e4 h6 22. exd5 cxd5 23. Rxd5 Qe6 24. Qd4 Ra6 25. Rxd7 1-0

[Event "Bad Soden U14 op"]
[Site "Bad Soden"]
[Date "2019.10.03"]
[Round "1"]
[White "Malsy, Lotte"]
[Black "Kanno, Clara Yumi"]
[Result "0-1"]
[WhiteElo "793"]
[BlackElo "1142"]
[PlyCount "62"]
[EventDate "2019.10.03"]
[EventType "swiss"]
[EventRounds "9"]
[EventCountry "GER"]
[SourceTitle "CBM 192 Extra"]
[Source "Chessbase"]
[SourceDate "2019.11.06"]
[SourceVersion "1"]
[SourceVersionDate "2019.11.06"]
[SourceQuality "1"]

1. e4 c5 2. Nf3 d6 3. Nc3 Nf6 4. Bb5+ Nc6 5. d4 cxd4 6. Nxd4 Bd7 7. Bf4 Nxd4 8. Qxd4 e5 9. Qe3 exf4 10. Qxf4 Bxb5 11. Nxb5 Qa5+ 12. Nc3 Be7 13. 0-0-0 0-0 14. Nd5 Nxd5 15. exd5 Qxa2 16. Qe4 Bg5+ 17. f4 Bh6 18. Qb4 g6 19. Qxd6 Qa1+ 20. Kd2 Qxb2 21. Rde1 Qd4+ 22. Kc1 Bxf4+ 23. Qxf4 Qxf4+ 24. Kb2 Rfc8 25. Rd1 Qb4+ 26. Kc1 Qc3 27. Kb1 Qxc2+ 28. Ka1 Qa4+ 29. Kb1 Rc2 30. Rc1 Qb3+ 31. Ka1 Ra2# 0-1

[Event "SVR op"]
[Site "Lahnstein"]
[Date "2019.04.14"]
[Round "4"]
[White "Klemens, Martina"]
[Black "Kanno, Clara Yumi"]
[Result "1-0"]
[WhiteElo "1529"]
[BlackElo "1228"]
[PlyCount "35"]
[EventDate "2019.04.13"]
[EventType "swiss"]
[EventRounds "7"]
[EventCountry "GER"]
[SourceTitle "EXT 2021"]
[Source "ChessBase"]
[SourceDate "2020.10.23"]
[SourceVersion "1"]
[SourceVersionDate "2020.10.23"]
[SourceQuality "1"]

1. d4 d5 2. c4 e6 3. Nc3 Nf6 4. Bg5 Be7 5. Nf3 0-0 6. Qc2 Ng4 7. Bxe7 Qxe7 8. cxd5 exd5 9. Nxd5 Qd6 10. Nxc7 Nc6 11. Nxa8 Be6 12. e3 f5 13. a3 Bd5 14. Bc4 Bxc4 15. Qxc4+ Kh8 16. Ng5 h6 17. Nf7+ Rxf7 18. Qxf7 1-0

[Event "Heusenstamm Sparkassen op U14 5th"]
[Site "Heusenstamm"]
[Date "2018.11.24"]
[Round "4"]
[White "Laux, Filip"]
[Black "Kanno, Clara Yumi"]
[Result "0-1"]
[WhiteElo "1053"]
[BlackElo "1140"]
[PlyCount "84"]
[EventDate "2018.11.23"]
[EventType "swiss"]
[EventRounds "7"]
[EventCountry "GER"]
[SourceTitle "CBM 188 Extra"]
[Source "ChessBase"]
[SourceDate "2019.02.26"]
[SourceVersion "1"]
[SourceVersionDate "2019.02.26"]
[SourceQuality "1"]

1. e4 c5 2. Nf3 d6 3. g3 Nc6 4. Bg2 Nf6 5. d3 e6 6. 0-0 a6 7. Be3 b5 8. c3 e5 9. Nbd2 Be7 10. Re1 Bb7 11. a3 a5 12. b3 0-0 13. c4 bxc4 14. bxc4 Nd4 15. Bxd4 cxd4 16. Rb1 Rb8 17. a4 Qc7 18. Nh4 Bc6 19. Rxb8 Rxb8 20. g4 Rb4 21. Qf3 Bd7 22. h3 h6 23. Qg3 g6 24. g5 Nh5 25. Qf3 Bxg5 26. Nf5 Bxf5 27. exf5 Bxd2 28. Re2 Rb1+ 29. Bf1 Bf4 30. fxg6 fxg6 31. Qd5+ Kg7 32. Kg2 Ra1 33. Rb2 Qd8 34. Rb7+ Kf6 35. Rf7+ Kg5 36. Qf3 Nf6 37. Be2 h5 38. h4+ Kxh4 39. Rh7 Qc8 40. Rxh5+ gxh5 41. Qg3+ Bxg3 42. fxg3+ Kg5 0-1